| Tag |
First Indicator |
Second Indicator |
Subfields |
| LEADER |
00000cam a2200000 4500 |
| 001 |
in00000053073 |
| 005 |
20151007080426.0 |
| 008 |
750815r19631823 eng u |
| 010 |
|
|
|a 63024856
|
| 035 |
|
|
|a (OCoLC)01550677
|
| 035 |
|
|
|9 AAF4799AM
|
| 040 |
|
|
|c FBA
|d OCL
|d TXA
|d UtOrBLW
|
| 049 |
|
|
|a TXAM
|c [366313]
|
| 050 |
0 |
0 |
|a BS1440
|b .S5 1963a
|
| 090 |
|
|
|a BS1440
|b .S5 1963b
|
| 092 |
|
|
|a 223.2
|b B582r
|
| 130 |
0 |
|
|a Bible.
|p Psalms.
|l English.
|p Paraphrases.
|f 1963.
|
| 245 |
1 |
4 |
|a The Psalms of Sir Philip Sidney and the Countess of Pembroke /
|c Edited with an introd. by J. C. A. Rathmell.
|
| 264 |
|
1 |
|a [New York] :
|b New York University Press,
|c 1963.
|
| 300 |
|
|
|a xxxviii, 362 pages :
|b portraits ;
|c 24 cm.
|
| 336 |
|
|
|a text
|b txt
|2 rdacontent
|
| 337 |
|
|
|a unmediated
|b n
|2 rdamedia
|
| 338 |
|
|
|a volume
|b nc
|2 rdacarrier
|
| 490 |
1 |
|
|a The Stuart editions
|
| 500 |
|
|
|a First published in 1823 under title: The Psalms of David translated into divers and sundry kindles of verse...
|
| 504 |
|
|
|a Bibliography: pages 359-362.
|
| 536 |
|
|
|a From the Library of Harrison T. Meserole, 2002.
|
| 700 |
1 |
|
|a Sidney, Philip,
|d 1554-1586.
|
| 700 |
1 |
|
|a Pembroke, Mary Sidney Herbert,
|c Countess of,
|d 1561-1621.
|
| 700 |
1 |
|
|a Rathmell, J. C. A.
|
| 830 |
|
0 |
|a Stuart editions.
|
| 999 |
|
|
|a MARS
|
| 999 |
f |
f |
|s 45f79d3c-2697-3a44-8b23-e1224173fb86
|i 032efc9d-82f2-3de7-9177-0002baff65b2
|t 0
|
| 952 |
f |
f |
|p ric
|a Texas A&M University
|b Rellis Campus
|c Joint Library Facility
|s JLF
|d Remote Storage
|t 0
|e BS1440 .S5 1963b
|h Library of Congress classification
|i unmediated -- volume
|m A14813066931
|
| 998 |
f |
f |
|a BS1440 .S5 1963b
|t 0
|l Remote Storage
|